000 01268cad a22001935a 4500
001 L156680
008 120622s2012 xxk f 000 0 eng d
035 _a(Sirsi) u156680
041 0 _aeng
110 2 _aHouse of Commons Select Committee on Communities and Local Government
_96090
245 0 0 _aPark homes
_bFirst report of Session 2010-12 of the Communities and Local Government Committee
_h[electronic resource]
260 _aLondon
_bHouse of Commons
_c2012
520 _aInvestigates problems facing the park home industry following complaints from park home residents about unfair fees, maintance issues and selling on homes described as sales blocking. Recommendations include the introduction of legislation to remove a site owner's existing right to approve buyers. authorising the Residential Property Tribunal to award damages and compensation to park home owners affected by sale blocking. Sellers should also set out obligations of park home owners in writing to potential buyers.
590 _aKA NTK
651 4 _aUnited Kingdom
_y
690 _aResidential property
_96266
856 4 0 _uhttps://www.publications.parliament.uk/pa/cm201213/cmselect/cmcomloc/177/17702.htm
_zView report free of charge at www.publications.parliament.uk
942 _n0
999 _c114359
_d114359